| 000 | 01117cad a22002295a 4500 | ||
|---|---|---|---|
| 001 | L153987 | ||
| 008 | 110929s2011 xxk f 000 0 eng d | ||
| 020 | _a9781842196915 | ||
| 035 | _a(Sirsi) u153987 | ||
| 041 | 0 | _aeng | |
| 050 | 0 | 4 | _a690.25 $1 8 |
| 110 | 2 |
_aRoyal Institution of Chartered Surveyors _94900 |
|
| 245 | 0 | 0 |
_aSubsidence in relation to insurance claims _h[electronic resource] |
| 260 |
_aCoventry _bRICS _c2011 |
||
| 490 | 0 | _aRICS Practice Notes | |
| 520 | _aThis guidance is for RICS members and other professionals involved with subsidence claims. The following key areas are considered: the causes of subsidence, heave and landslip, the causes of other building fractures, policy cover details, handling a subsidence claim, recoveries and contribution and relevant voluntary agreements. | ||
| 590 | _aKA | ||
| 651 | 4 |
_aUnited Kingdom _y |
|
| 690 | _aBUILT ENVIRONMENT-BUILDING PATHOLOGY | ||
| 856 | 4 | 0 |
_uhttps://www.rics.org/Global/Subsidence_in_relation_to_insurance_claims_1st_edition_PGguidance_2011.pdf _z View the practice note online at www.rics.org (member-only access). |
| 942 | _n0 | ||
| 999 |
_c112796 _d112796 |
||